Normal view MARC view
  • Frederick Emmons Terman

Entry Personal Name

Number of records used in: 1

001 - CONTROL NUMBER

  • control field: 103411

003 - CONTROL NUMBER IDENTIFIER

  • control field: NUST

005 - DATE AND TIME OF LATEST TRANSACTION

  • control field: 20221123122131.0

008 - FIXED-LENGTH DATA ELEMENTS

  • fixed length control field: 221123|| aca||aabn | a|a d

040 ## - CATALOGING SOURCE

  • Original cataloging agency: NUST
  • Transcribing agency: NUST

100 ## - HEADING--PERSONAL NAME

  • Personal name: Frederick Emmons Terman

670 ## - SOURCE DATA FOUND

  • Source citation: Work cat.: (NUST)181913: Frederick Emmons Terman, Electronic Measurements /, 1952.
© 2023 Central Library, National University of Sciences and Technology. All Rights Reserved.